[Event "FRA-chT U20 0405"]
[Site "France"]
[Date "2004.11.20"]
[Round "1.7"]
[White "Caput, Jules"]
[Black "Guinand, Aymeric"]
[Result "1-0"]
[WhiteElo "1510"]
[BlackElo "1370"]
[PlyCount "43"]
[EventDate "2004.11.20"]
[EventType "team"]
[EventRounds "11"]
[EventCountry "FRA"]
[SourceTitle "CBM 103 Extra"]
[Source "ChessBase"]
[SourceDate "2005.01.01"]
[SourceVersion "1"]
[SourceVersionDate "2005.01.01"]
[SourceQuality "1"]

1. e4 e5 2. Nf3 Nc6 3. Bb5 a6 4. Ba4 Bc5 5. 0-0 Nf6 6. d3 0-0 7. Bxc6 dxc6 8. Nxe5 Qd6 9. Bf4 Bg4 10. Nxg4 Qxf4 11. Nxf6+ Qxf6 12. Nc3 Rae8 13. Qd2 h6 14. Rad1 b5 15. Kh1 Bd6 16. f4 Qh4 17. e5 Rxe5 18. fxe5 Bxe5 19. g3 Bxg3 20. Rg1 Bf4 21. Qg2 b4 22. Qxg7# 1-0